Tourism economics
Αποθηκεύτηκε σε:
| Κύριος συγγραφέας: | |
|---|---|
| Άλλοι συγγραφείς: | , |
| Μορφή: | Βιβλίο |
| Γλώσσα: | English |
| Δημοσίευση: |
New York ; Chichester :
Wiley,
1995.
|
| Θέματα: | |
| Ετικέτες: |
Προσθήκη ετικέτας
Δεν υπάρχουν, Καταχωρήστε ετικέτα πρώτοι!
|
MARC
| LEADER | 00000cam a2200000 i 4500 | ||
|---|---|---|---|
| 001 | 1/19216 | ||
| 008 | 970917s1995 nyu| ||| |||| ||eng|| | ||
| 020 | |a 0471578843 | ||
| 035 | |a ΠΑΡ-1997 |b 04/04 |c ΤΣΑΡΤΑΣ |l 10021193 | ||
| 040 | |a GR-MyUa |b gre |e AACR2 | ||
| 041 | 0 | |a eng | |
| 082 | 7 | |a 338.4791 |2 (22) | |
| 100 | 1 | |a Lundberg, Donald E. | |
| 245 | 1 | 0 | |a Tourism economics / |c Donald E. Lundberg, M. Krishnamoorthy, Mink H. Stevenga. |
| 260 | |a New York ; |a Chichester : |b Wiley, |c 1995. | ||
| 300 | |a 196 σ. : |b διαγρ., πίν. ; |c 25 εκ. | ||
| 504 | |a Περιλαμβάνει βιβλιογραφικές παραπομπές. | ||
| 650 | 0 | |a Tourism. | |
| 700 | 1 | |a Krishnamoorthy, M. | |
| 700 | 1 | |a Stavenga, Mink H. | |
| 852 | |a INST |b CHIOS |e 19970917 |h 338.4791 LUN |p 005200010484 |q 005200010484 |t BK |y 0 | ||
| 852 | |a INST |b LESVOS |e 19980512 |h 338.4791 LUN |p 005100014628 |q 005100014628 |t BK |y 0 | ||
| 901 | |a BIBL-1998-2 | ||
| 922 | |a 1ΕΛΗ |b 199804 |c ΚΠΣ/ΤΠ |d ΠΑΠΑΣΩΤΗΡΙΟΥ | ||
| 950 | |a 107-1998-03-04 | ||